Investing in IPOs : (Record no. 62761)
[ view plain ]
| 000 -LEADER | |
|---|---|
| fixed length control field | 00831nam a2200265 a 4500 |
| 001 - CONTROL NUMBER | |
| control field | 62761 |
| 003 - CONTROL NUMBER IDENTIFIER | |
| rucl marc code | BD-RjUL |
| 005 - DATE AND TIME OF LATEST TRANSACTION | |
| control field | 20211209081123.0 |
| 008 - FIXED-LENGTH DATA ELEMENTS--GENERAL INFORMATION | |
| fixed length control field | 170125s2000 -usa|||| |||| 011 0 eng d |
| 020 ## - INTERNATIONAL STANDARD BOOK NUMBER | |
| International Standard Book Number | 8174731024 (AITBS India) |
| International Standard Book Number | 157660067X (Bloomberg L.P. USA) |
| 035 ## - SYSTEM CONTROL NUMBER | |
| System control number | (BD-RjUL)62888 |
| 040 ## - CATALOGING SOURCE | |
| Original cataloging agency | BD-RjUL |
| Language of cataloging | eng |
| Transcribing agency | BD-RjUL |
| 041 ## - LANGUAGE CODE | |
| Language code of text/sound track or separate title | eng |
| 082 ## - DEWEY DECIMAL CLASSIFICATION NUMBER | |
| Edition number | 23 |
| Classification number | 332.6322 |
| Author mark and year | TAI 2000 |
| 100 ## - MAIN ENTRY--PERSONAL NAME | |
| Personal name | Taulli, Tom |
| 9 (RLIN) | 186552 |
| 245 ## - TITLE STATEMENT | |
| Title | Investing in IPOs : |
| Remainder of title | new paths to profit with initial public offerings / |
| Statement of responsibility, etc. | Tom Taulli. |
| 250 ## - EDITION STATEMENT | |
| Edition statement | 1st indian ed. |
| 260 ## - PUBLICATION, DISTRIBUTION, ETC. (IMPRINT) | |
| Place of publication, distribution, etc. | India : |
| Name of publisher, distributor, etc. | A.I.T.B.S. Publishers & Distributors (Regd.), |
| Date of publication, distribution, etc. | 2000. |
| 300 ## - PHYSICAL DESCRIPTION | |
| Pagination | xvii, 264 p. : |
| Illustrations | ill. ; |
| Size | 19 cm. |
| 504 ## - BIBLIOGRAPHY, ETC. NOTE | |
| Bibliography, etc | Includes index. |
| 650 ## - SUBJECT ADDED ENTRY--TOPICAL TERM | |
| Topical term or geographic name as entry element | Going public (Securities) |
| 9 (RLIN) | 187310 |
| Topical term or geographic name as entry element | Investments. |
| 9 (RLIN) | 187311 |
| 942 ## - ADDED ENTRY ELEMENTS (KOHA) | |
| Source of classification or shelving scheme | Dewey Decimal Classification |
| Koha item type | Books |
| Lost status | Source of classification or shelving scheme | Damaged status | Not for loan | Collection code | Permanent Location | Current Location | Shelving location | Date acquired | Source of acquisition | Cost, normal purchase price | Total Checkouts | Full call number | Date last seen | Copy number | Koha item type |
|---|---|---|---|---|---|---|---|---|---|---|---|---|---|---|---|
| Dewey Decimal Classification | Not For Loan | Non-fiction | Central Library, University of Rajshahi | Central Library, University of Rajshahi | Reading Room | 09/05/2007 | Dhaka. Paragon Enterprise Ltd. | 175.00 | 332.6322 TAI 2000 | 25/01/2017 | C-1 | Books |